01764nam a2200169 a 4500020002700000020003000027082001200057100001800069245006500087260003200152300001100184520118500195856007001380942000701450999001301457952012401470 a0471601802 (hardcover) a9780471601807 (hardcover) a547 MAR1 aMarch, Jerry.10aAdvanced organic chemistry :Reaction,Mechanism,and Structure aNew YorkbMcGraw-Hillc1968 a1098.p aAfter four editions, it's still the reference students and professionals count on. Advanced Organic Chemistry Fourth Edition Only one reference has brought consistently incisive, up-to date, and comprehensive coverage of the most useful reactions in organic chemistry directly to the fingertips of both students and professionals: Advanced Organic Chemistry. Organized by reaction type, a feature that makes clear the basic principles underlying the nearly 580 reactions described, Advanced Organic Chemistry offers instant access to each reaction's scope, limitations, and mechanisms. Balancing timely detail and informative breadth, this new updated Fourth Edition: Describes the structure of organic compounds, including chemical bonding and stereochemistry Reviews general reaction mechanisms, including ordinary reactions and photochemical reactions Includes a survey of reactions, arranged by reaction type and by which bonds are broken and formed Includes IUPAC's newest system for designating reaction mechanisms Features an index to the methods used for preparing given types of compounds Contains more than 15,000 references-5,000 new to this edition-to original papers.40uhttp://www.amazon.com/exec/obidos/ASIN/0471601802/chopaconline-20 cBK c213d213 0010708NFICaICbICcGENd2015-02-23g4900.00l2m1o547 MARp003878r2022-11-17 00:00:00s2019-04-10w2015-02-23yBK